[Event "GER-chT U20"]
[Site "Osnabrueck"]
[Date "2015.12.30"]
[Round "7.5"]
[White "Doerp, Max Marian"]
[Black "Braun, Kristin"]
[Result "0-1"]
[WhiteElo "1532"]
[BlackElo "1736"]
[PlyCount "77"]
[EventDate "2015.12.27"]
[EventType "team-swiss"]
[EventRounds "7"]
[EventCountry "GER"]
[SourceTitle "EXT 2017"]
[Source "ChessBase"]
[SourceDate "2016.10.25"]
[SourceVersion "1"]
[SourceVersionDate "2016.10.25"]
[SourceQuality "1"]
[WhiteTeam "Luebeck"]
[BlackTeam "Forchheim"]
[WhiteTeamCountry "GER"]
[BlackTeamCountry "GER"]

1. c4 b6 2. g3 Bb7 3. Nf3 c5 4. Bg2 Nf6 5. Nc3 e6 6. d3 Be7 7. 0-0 0-0 8. Bf4 d5 9. cxd5 exd5 10. d4 Nc6 11. Rc1 c4 12. Ne5 Bb4 13. Bg5 Bxc3 14. Rxc3 Re8 15. Ng4 Re6 16. Bh3 Re4 17. e3 Bc8 18. Nxf6+ gxf6 19. Bxc8 Rxc8 20. Bh6 f5 21. Qh5 Qf6 22. h4 Re6 23. Qg5+ Qxg5 24. Bxg5 Nb4 25. a3 Nd3 26. b3 b5 27. a4 b4 28. Rc2 Rec6 29. Rb1 cxb3 30. Rxc6 Rxc6 31. Rxb3 Rc3 32. Rb1 b3 33. e4 fxe4 34. Kf1 b2 35. Ke2 Rc2+ 36. Kd1 Rxf2 37. Be7 Rf1+ 38. Kc2 Rc1+ 39. Rxc1 0-1